[Event "30th NATO Chess Championship"]
[Site "Berlin"]
[Date "2019.09.18"]
[Round "4.41"]
[White "Rosseel, Kimball"]
[Black "Graham, Frazer"]
[Result "0-1"]
[WhiteElo "1759"]
[BlackElo "1923"]
[PlyCount "106"]
[EventDate "2019.09.16"]
[EventType "team-tourn"]
[EventRounds "7"]
[EventCountry "GER"]
[WhiteTeam "BEL"]
[BlackTeam "ENG"]

1. d4 Nf6 2. Nf3 c5 3. e3 d5 4. Bd3 Nc6 5. O-O Bg4 6. c3 e6 7. b3 Be7 8. h3 Bh5
9. Nbd2 cxd4 10. exd4 O-O 11. Re1 Bd6 12. Qc2 Rc8 13. a3 Re8 14. c4 e5 15. dxe5
Nxe5 16. Nxe5 Bxe5 17. Bb2 dxc4 18. Bxc4 Bg6 19. Qc1 Bf4 20. Rxe8+ Nxe8 21. Bc3
Nd6 22. Qb2 b5 23. Bf1 f6 24. g3 Qc7 25. Bd4 Bxd2 26. Qxd2 Ne4 27. Qe3 a6 28.
Bg2 Qc2 29. Bxe4 Bxe4 30. b4 Re8 31. Rc1 Qa2 32. Qc3 Qe6 33. Kh2 Bd5 34. Qe3
Qd7 35. Qc3 Qf5 36. g4 Qf4+ 37. Kg1 Qe4 38. f3 Qf4 39. Kg2 Bxf3+ 40. Qxf3 Qxc1
41. Qd5+ Kh8 42. Qf7 Qc6+ 43. Kf2 Qe6 44. Qa7 Qe2+ 45. Kg3 Qd3+ 46. Kg2 h6 47.
Qf7 Re2+ 48. Bf2 Qe4+ 49. Kf1 Rc2 50. Kg1 Rc1+ 51. Kh2 Qh1+ 52. Kg3 Rc3+ 53.
Kf4 Qf3# 0-1

[Event "30th NATO Chess Championship"]
[Site "Berlin"]
[Date "2019.09.18"]
[Round "4.42"]
[White "Middaugh, Jon S"]
[Black "Fielding, Michael"]
[Result "0-1"]
[WhiteElo "1918"]
[BlackElo "1760"]
[PlyCount "104"]
[EventDate "2019.09.16"]
[EventType "team-tourn"]
[EventRounds "7"]
[EventCountry "GER"]
[WhiteTeam "USA"]
[BlackTeam "ENG"]

1. d4 f5 2. c4 e6 3. Nf3 Nf6 4. Bg5 Be7 5. Nc3 O-O 6. Bxf6 Bxf6 7. e4 fxe4 8.
Nxe4 d6 9. Bd3 Nc6 10. Nxf6+ Qxf6 11. O-O e5 12. dxe5 dxe5 13. Be4 Bg4 14. Qb3
Rab8 15. Rae1 Bxf3 16. Qxf3 Nd4 17. Qe3 c6 18. Bb1 Rbe8 19. Qe4 g6 20. Re3 Qf5
21. Kh1 Qxe4 22. Rxe4 Rf4 23. f3 Rxe4 24. Bxe4 Ne6 25. Rd1 Rd8 26. Rxd8+ Nxd8
27. h4 Kg7 28. b4 Ne6 29. Kg1 h6 30. Kf2 Kf6 31. Ke3 g5 32. hxg5+ hxg5 33. a4
c5 34. Bxb7 cxb4 35. a5 Nc5 36. a6 Ke7 37. g3 Kd6 38. Bd5 Nxa6 39. Ke4 Nc5+ 40.
Ke3 a5 41. Kd2 a4 42. Kc2 a3 43. Bg8 b3+ 44. Kb1 Kc7 45. Bh7 Kb6 46. Kc1 Ka5
47. Kb1 Kb4 48. Bg8 Kc3 49. Bf7 b2 50. Ka2 Nd3 51. Kb1 a2+ 52. Kxa2 Kc2 0-1

[Event "30th NATO Chess Championship"]
[Site "Berlin"]
[Date "2019.09.18"]
[Round "4.43"]
[White "Drenthen, Arjan"]
[Black "Echavarria Hidalgo, Fernando"]
[Result "1-0"]
[WhiteElo "1917"]
[BlackElo "1750"]
[PlyCount "87"]
[EventDate "2019.09.16"]
[EventType "team-tourn"]
[EventRounds "7"]
[EventCountry "GER"]
[WhiteTeam "NED"]
[BlackTeam "CAN"]

1. d4 Nf6 2. c4 e6 3. Nf3 Bb4+ 4. Nbd2 b6 5. a3 Bxd2+ 6. Qxd2 Bb7 7. g3 O-O 8.
Bg2 d6 9. O-O c5 10. Rd1 cxd4 11. Qxd4 d5 12. cxd5 exd5 13. Bg5 Nbd7 14. Ne5
Nxe5 15. Qxe5 Re8 16. Bxf6 Rxe5 17. Bxd8 Rxd8 18. e3 Rc8 19. Rd2 h6 20. Rad1
Rc5 21. Rd3 a5 22. f4 Re7 23. Kf2 Rec7 24. R1d2 Kf8 25. Rb3 b5 26. Bf1 Ba6 27.
Bg2 Bb7 28. h4 Ke7 29. Rbd3 a4 30. g4 f6 31. Kg3 Rc2 32. Bxd5 Bxd5 33. Rxd5
Rxd2 34. Rxd2 Rc5 35. Kf3 Ke6 36. f5+ Ke7 37. Kf4 Rc4+ 38. e4 Rc5 39. Ke3 Ke8
40. Rd5 Rxd5 41. exd5 Kd7 42. Kd3 Ke7 43. Kc3 Kd6 44. Kd4 1-0

[Event "30th NATO Chess Championship"]
[Site "Berlin"]
[Date "2019.09.18"]
[Round "4.44"]
[White "Nelder, Allan"]
[Black "Tammisto, Janek"]
[Result "0-1"]
[WhiteElo "1645"]
[BlackElo "1912"]
[PlyCount "54"]
[EventDate "2019.09.16"]
[EventType "team-tourn"]
[EventRounds "7"]
[EventCountry "GER"]
[WhiteTeam "ENG"]
[BlackTeam "EST"]

1. e4 e5 2. Nf3 Nf6 3. Nc3 Nc6 4. Bc4 Bc5 5. O-O d6 6. d3 Bg4 7. h3 Be6 8. Ng5
Bxc4 9. dxc4 h6 10. Nf3 Qd7 11. Qe2 O-O-O 12. Nd5 Nxd5 13. cxd5 Ne7 14. c4 g5
15. Nh2 f5 16. exf5 Nxf5 17. Ng4 Ng3 18. Qf3 Nxf1 19. Nf6 Qe7 20. Qg4+ Kb8 21.
Ne4 Bd4 22. Kxf1 Rdf8 23. Rb1 Qh7 24. b4 h5 25. Qe2 g4 26. c5 Bxf2 27. Nxf2
Qxb1 0-1

[Event "30th NATO Chess Championship"]
[Site "Berlin"]
[Date "2019.09.18"]
[Round "4.45"]
[White "Ross, David"]
[Black "De Cat, Ben"]
[Result "1-0"]
[WhiteElo "1599"]
[BlackElo "1891"]
[PlyCount "67"]
[EventDate "2019.09.16"]
[EventType "team-tourn"]
[EventRounds "7"]
[EventCountry "GER"]
[WhiteTeam "ENG"]
[BlackTeam "BEL"]

1. e4 Nf6 2. e5 Nd5 3. d4 d6 4. c4 Nb6 5. f4 dxe5 6. fxe5 c5 7. d5 e6 8. Nf3
exd5 9. Bg5 Be7 10. Bxe7 Kxe7 11. cxd5 Qxd5 12. Nc3 Qxd1+ 13. Rxd1 Bg4 14. Bd3
Nc6 15. Kf2 Rad8 16. Rhe1 c4 17. Be4 Rxd1 18. Rxd1 Bxf3 19. gxf3 Nxe5 20. Bxb7
Nd3+ 21. Kg3 Nxb2 22. Re1+ Kd7 23. Re2 Nd3 24. Ba6 f5 25. a4 Kd6 26. a5 f4+ 27.
Kg2 Nd5 28. Ne4+ Kc6 29. Bxc4 Nc1 30. Bxd5+ Kxd5 31. Rd2+ Ke6 32. Nc5+ Ke5 33.
Rc2 Rc8 34. Nd7+ 1-0

[Event "30th NATO Chess Championship"]
[Site "Berlin"]
[Date "2019.09.18"]
[Round "4.46"]
[White "Kocur, Marc"]
[Black "Millener, Richard"]
[Result "0-1"]
[WhiteElo "1878"]
[BlackElo "1735"]
[PlyCount "90"]
[EventDate "2019.09.16"]
[EventType "team-tourn"]
[EventRounds "7"]
[EventCountry "GER"]
[WhiteTeam "BEL"]
[BlackTeam "ENG"]

1. d4 Nf6 2. Nf3 e6 3. e3 b6 4. Bd3 Bb7 5. O-O d5 6. Nbd2 Nbd7 7. b3 Bd6 8. Bb2
O-O 9. Ne5 Ne4 10. f3 Nxd2 11. Qxd2 Nxe5 12. dxe5 Be7 13. f4 f5 14. Qe2 g6 15.
Rfd1 c5 16. Kh1 Qc7 17. c4 Rad8 18. Rd2 Kf7 19. Rad1 dxc4 20. Bxc4 Rxd2 21.
Rxd2 Rd8 22. Kg1 Rxd2 23. Qxd2 h5 24. Be2 Be4 25. Kf2 Qc6 26. Bf3 Bh4+ 27. Kg1
Bxf3 28. gxf3 Qxf3 29. Qd7+ Be7 30. Qd2 h4 31. Bc3 g5 32. Qf2 Qxf2+ 33. Kxf2 g4
34. Kg2 Ke8 35. Be1 Kd7 36. Kf2 Kc6 37. Ke2 Kd5 38. Bf2 b5 39. Kd3 c4+ 40.
bxc4+ bxc4+ 41. Kc3 a5 42. Kd2 Ke4 43. Ke2 c3 44. Be1 c2 45. Kd2 g3 0-1

[Event "30th NATO Chess Championship"]
[Site "Berlin"]
[Date "2019.09.18"]
[Round "4.47"]
[White "Adolfssen, Rico"]
[Black "O`Byrne, Daniel"]
[Result "1/2-1/2"]
[WhiteElo "1864"]
[BlackElo "1659"]
[PlyCount "33"]
[EventDate "2019.09.16"]
[EventType "team-tourn"]
[EventRounds "7"]
[EventCountry "GER"]
[WhiteTeam "DEN"]
[BlackTeam "ENG"]

1. e4 e6 2. d4 d5 3. Nc3 Bb4 4. Bd2 dxe4 5. Qg4 f5 6. Qxg7 Qf6 7. Qg3 Bd6 8.
Bf4 Bxf4 9. Qxf4 c6 10. Be2 h5 11. O-O-O Qh6 12. Nh3 Nf6 13. Rd2 Qxf4 14. Nxf4
Kf7 15. h3 b6 16. Rhd1 Ba6 17. a3 1/2-1/2

[Event "30th NATO Chess Championship"]
[Site "Berlin"]
[Date "2019.09.18"]
[Round "4.48"]
[White "Steen, Kris"]
[Black "Allmann, Lauri"]
[Result "1/2-1/2"]
[WhiteElo "1526"]
[BlackElo "1827"]
[PlyCount "44"]
[EventDate "2019.09.16"]
[EventType "team-tourn"]
[EventRounds "7"]
[EventCountry "GER"]
[WhiteTeam "BEL"]
[BlackTeam "EST"]

1. c4 g6 2. Nc3 Bg7 3. d4 e5 4. d5 f5 5. e4 d6 6. Bd3 f4 7. g3 fxg3 8. fxg3 Nf6
9. Nf3 O-O 10. Be3 Bh3 11. Bf1 Qd7 12. Bxh3 Qxh3 13. Qe2 Qg4 14. Nd2 Na6 15. a3
Rf7 16. b4 Qxe2+ 17. Kxe2 Ng4 18. Raf1 Raf8 19. Rxf7 Rxf7 20. Nd1 b6 21. h3
Nxe3 22. Nxe3 Nb8 1/2-1/2

[Event "30th NATO Chess Championship"]
[Site "Berlin"]
[Date "2019.09.18"]
[Round "4.49"]
[White "Van den Heuvel, Tonnie"]
[Black "Vael, Steve"]
[Result "1/2-1/2"]
[WhiteElo "1819"]
[BlackElo "1602"]
[PlyCount "99"]
[EventDate "2019.09.16"]
[EventType "team-tourn"]
[EventRounds "7"]
[EventCountry "GER"]
[WhiteTeam "NED"]
[BlackTeam "LUX"]

1. b3 c5 2. Bb2 d6 3. e3 Nc6 4. Bb5 Bd7 5. Ne2 a6 6. Bxc6 Bxc6 7. O-O Nf6 8. c4
g6 9. d4 Bg7 10. Nbc3 O-O 11. Qc2 Qc8 12. dxc5 dxc5 13. Rad1 e6 14. Ba1 Qc7 15.
Ng3 Rad8 16. Bb2 h5 17. Rxd8 Rxd8 18. Rd1 h4 19. Nf1 Rxd1 20. Nxd1 Be4 21. Qd2
Bc6 22. h3 Ne4 23. Qe2 Bxb2 24. Qxb2 Qd6 25. Qc2 Qe5 26. f3 Ng3 27. Nh2 f5 28.
Qd2 Qc7 29. Nf1 Qd7 30. Qxd7 Bxd7 31. Kf2 Nh5 32. Nc3 Nf6 33. Nd2 Bc6 34. e4 b5
35. cxb5 axb5 36. a4 bxa4 37. Nxa4 Nd7 38. exf5 exf5 39. Ke3 Kf7 40. Nc4 Ke6
41. Ncb6 Nxb6 42. Nxb6 g5 43. Nc4 Bd5 44. Nd2 Ke5 45. Nc4+ Ke6 46. Nd2 f4+ 47.
Kd3 Kd7 48. Ne4 Kc6 49. Nd2 Kb5 50. Kc3 1/2-1/2

[Event "30th NATO Chess Championship"]
[Site "Berlin"]
[Date "2019.09.18"]
[Round "4.50"]
[White "Gaiducis, Sergejus"]
[Black "Cappon, Kaan"]
[Result "1-0"]
[WhiteElo "1590"]
[BlackElo "1841"]
[PlyCount "69"]
[EventDate "2019.09.16"]
[EventType "team-tourn"]
[EventRounds "7"]
[EventCountry "GER"]
[WhiteTeam "LTU"]
[BlackTeam "BEL"]

1. e4 c5 2. Nf3 d6 3. Nc3 a6 4. d4 cxd4 5. Nxd4 Nf6 6. Nf3 Nc6 7. Bd3 e6 8. Be3
Be7 9. a3 O-O 10. O-O b5 11. Ne2 d5 12. exd5 Nxd5 13. Bc1 Bf6 14. c4 bxc4 15.
Bxc4 Nb6 16. Bd3 Bb7 17. Qc2 g6 18. Be3 Nd5 19. Bh6 Re8 20. Rad1 Qb6 21. b3
Rac8 22. Qb1 a5 23. a4 Ba6 24. Bxa6 Qxa6 25. Rfe1 Ncb4 26. Rd2 Nc3 27. Nxc3
Rxc3 28. Red1 Nd5 29. Qe4 Rcc8 30. Qd3 Qxd3 31. Rxd3 Bg7 32. Bxg7 Kxg7 33. g3
Kf6 34. Nd2 Rc5 35. Ne4+ 1-0

[Event "30th NATO Chess Championship"]
[Site "Berlin"]
[Date "2019.09.18"]
[Round "4.51"]
[White "Ulusoy, Mustafa"]
[Black "Tremblay, Mario"]
[Result "1/2-1/2"]
[WhiteElo "1625"]
[BlackElo "1652"]
[PlyCount "48"]
[EventDate "2019.09.16"]
[EventType "team-tourn"]
[EventRounds "7"]
[EventCountry "GER"]
[WhiteTeam "TUR"]
[BlackTeam "CAN"]

1. d4 d5 2. Nf3 c5 3. dxc5 Nc6 4. Bf4 e5 5. Nxe5 Bxc5 6. Nxc6 bxc6 7. e3 Qb6 8.
Be5 f6 9. Bd4 Ne7 10. Bxc5 Qxc5 11. Bd3 Qb4+ 12. Nd2 Qxb2 13. O-O O-O 14. h3
Qe5 15. Nf3 Qd6 16. c4 Bf5 17. Bxf5 Nxf5 18. cxd5 cxd5 19. Qc2 Ne7 20. Rfd1
Rac8 21. Qb3 Rb8 22. Qd3 Rfd8 23. Rab1 Rxb1 24. Rxb1 Rb8 1/2-1/2

[Event "30th NATO Chess Championship"]
[Site "Berlin"]
[Date "2019.09.18"]
[Round "4.52"]
[White "Noviks, Maris"]
[Black "Windey, Luc"]
[Result "1/2-1/2"]
[WhiteElo "1905"]
[BlackElo "1628"]
[PlyCount "40"]
[EventDate "2019.09.16"]
[EventType "team-tourn"]
[EventRounds "7"]
[EventCountry "GER"]
[WhiteTeam "LAT"]
[BlackTeam "BEL"]

1. d4 Nf6 2. Nc3 d5 3. Bf4 c6 4. e3 Bf5 5. Nf3 e6 6. h3 Bd6 7. Be2 Qc7 8. Ne5
Nbd7 9. Nxd7 Nxd7 10. Bxd6 Qxd6 11. a3 a6 12. Qd2 Rc8 13. O-O O-O 14. Rfe1 c5
15. dxc5 Nxc5 16. Bf3 Rfd8 17. Rad1 Qc7 18. Qe2 h6 19. Rd2 Qb6 20. Rb1 Qc7
1/2-1/2

[Event "30th NATO Chess Championship"]
[Site "Berlin"]
[Date "2019.09.18"]
[Round "4.53"]
[White "Langer, Herb"]
[Black "Bublys, Vaidotas"]
[Result "0-1"]
[WhiteElo "1751"]
[BlackElo "1863"]
[PlyCount "74"]
[EventDate "2019.09.16"]
[EventType "team-tourn"]
[EventRounds "7"]
[EventCountry "GER"]
[WhiteTeam "CAN"]
[BlackTeam "LTU"]

1. c4 c6 2. Nc3 g6 3. g3 Bg7 4. Bg2 Nf6 5. e4 e5 6. d3 O-O 7. Nge2 d6 8. O-O
Bg4 9. f3 Be6 10. Be3 Nbd7 11. Rb1 Nb6 12. b4 d5 13. Bxb6 axb6 14. cxd5 cxd5
15. a4 d4 16. Nb5 Qd7 17. f4 Ng4 18. f5 gxf5 19. exf5 Bd5 20. Bxd5 Qxd5 21. Nc7
Qd7 22. Nxa8 Rxa8 23. Qb3 Bh6 24. b5 Ne3 25. Rf3 Rc8 26. h3 Rc2 27. Rf2 Rd2 28.
Kh2 Kg7 29. Rb2 Rxb2 30. Qxb2 Nd1 31. f6+ Kg8 32. Qb4 Nxf2 33. Qe7 Qd5 34. Kg1
Nxh3+ 35. Kh2 Nf2 36. Kg1 Nxd3 37. Kf1 Qf3+ 0-1

[Event "30th NATO Chess Championship"]
[Site "Berlin"]
[Date "2019.09.18"]
[Round "4.54"]
[White "Sass, Andrew"]
[Black "Smit, Jan"]
[Result "1/2-1/2"]
[WhiteElo "1551"]
[BlackElo "1808"]
[PlyCount "54"]
[EventDate "2019.09.16"]
[EventType "team-tourn"]
[EventRounds "7"]
[EventCountry "GER"]
[WhiteTeam "CAN"]
[BlackTeam "NED"]

1. c4 d6 2. Nc3 Nf6 3. e3 g6 4. g3 Bg7 5. Bg2 O-O 6. Nge2 e5 7. O-O c6 8. d4
Qe7 9. d5 c5 10. e4 h6 11. Bd2 Nbd7 12. h4 Nb6 13. b3 Bg4 14. f3 Bd7 15. Qc1
Kh7 16. Qc2 Ng8 17. Rab1 f5 18. exf5 Bxf5 19. Ne4 Nf6 20. N2c3 Nxe4 21. Nxe4
Nd7 22. h5 gxh5 23. Rbe1 Bg6 24. Bh3 Nf6 25. Nxf6+ Rxf6 26. Qd1 Raf8 27. Be3
Bf7 1/2-1/2

[Event "30th NATO Chess Championship"]
[Site "Berlin"]
[Date "2019.09.18"]
[Round "4.55"]
[White "Ghiacy, Jelani"]
[Black "Ivanovs, Aleksejs"]
[Result "0-1"]
[WhiteElo "1238"]
[BlackElo "1757"]
[PlyCount "82"]
[EventDate "2019.09.16"]
[EventType "team-tourn"]
[EventRounds "7"]
[EventCountry "GER"]
[WhiteTeam "CAN"]
[BlackTeam "LAT"]

1. e4 e5 2. Nf3 Nc6 3. Bc4 Bc5 4. O-O d6 5. a3 Bg4 6. h3 h5 7. c3 Qf6 8. Be2 g5
9. d3 Bxf3 10. Bxf3 g4 11. hxg4 hxg4 12. Bxg4 Qh4 13. Bh3 Nf6 14. Be3 Ke7 15.
Qf3 Rag8 16. Nd2 Qxh3 17. Qxh3 Rxh3 18. Bxc5 dxc5 19. g3 Rh6 20. Kg2 Rd8 21.
Nb3 b6 22. Rad1 a5 23. a4 Ke6 24. Kf3 Rhh8 25. Ke2 c4 26. dxc4 Rxd1 27. Rxd1
Nxe4 28. Ke3 Nd6 29. Nd2 Rd8 30. Ke2 Nb7 31. b4 axb4 32. cxb4 Nxb4 33. Nb3 Rxd1
34. Kxd1 Na5 35. Nxa5 bxa5 36. Kd2 Na6 37. Kc3 Nc5 38. Kb2 Nd3+ 39. Kc3 Nxf2
40. c5 c6 41. Kc2 Kd5 0-1

[Event "30th NATO Chess Championship"]
[Site "Berlin"]
[Date "2019.09.18"]
[Round "4.56"]
[White "Stuhr, Finn"]
[Black "Murray, Brian"]
[Result "1-0"]
[WhiteElo "1698"]
[BlackElo "1491"]
[PlyCount "71"]
[EventDate "2019.09.16"]
[EventType "team-tourn"]
[EventRounds "7"]
[EventCountry "GER"]
[WhiteTeam "DEN"]
[BlackTeam "CAN"]

1. e4 e5 2. Nf3 d6 3. Nc3 Nf6 4. d4 Nbd7 5. dxe5 dxe5 6. Bg5 Be7 7. Bc4 O-O 8.
Qd2 c6 9. O-O-O b5 10. Bb3 Bb7 11. h3 Nc5 12. Nxe5 Nxb3+ 13. cxb3 Qxd2+ 14.
Rxd2 h6 15. Bxf6 Bxf6 16. Nd7 Bxc3 17. bxc3 Rfd8 18. Rhd1 Kh8 19. Nc5 Rxd2 20.
Rxd2 Rb8 21. Rd7 Bc8 22. Rd8+ Kh7 23. Nd3 a5 24. Ne5 c5 25. Nxf7 a4 26. Nd6
axb3 27. axb3 b4 28. c4 Kg6 29. e5 Ra8 30. Nxc8 Ra1+ 31. Kd2 Ra2+ 32. Ke3 Rb2
33. e6 Rxb3+ 34. Ke4 Rb1 35. e7 Re1+ 36. Kd3 1-0

[Event "30th NATO Chess Championship"]
[Site "Berlin"]
[Date "2019.09.19"]
[Round "5.4"]
[White "Everett, Elijah"]
[Black "Mouroutis, Konstantinos"]
[Result "1-0"]
[WhiteElo "2187"]
[BlackElo "2181"]
[PlyCount "85"]
[EventDate "2019.09.16"]
[EventType "team-tourn"]
[EventRounds "7"]
[EventCountry "GER"]

1. e4 c5 2. Nf3 Nc6 3. d4 cxd4 4. Nxd4 e5 5. Nb5 a6 6. Nd6+ Bxd6 7. Qxd6 Qf6 8.
Qd1 Qg6 9. Nc3 Nf6 10. Qd6 Ng4 11. Qxg6 hxg6 12. Nd5 Rb8 13. Bg5 f6 14. Bd2
Nxh2 15. O-O-O d6 16. f3 f5 17. Be3 Rh4 18. Bd3 f4 19. Bf2 Rh6 20. Bg1 Ng4 21.
Bb6 Rxh1 22. Rxh1 Nh6 23. Bc7 Kd7 24. Bxb8 Nxb8 25. Nb6+ Kc7 26. Nxc8 Kxc8 27.
g4 fxg3 28. Rg1 Nd7 29. Rxg3 Nf8 30. Bc4 Kd7 31. Bd5 b6 32. a4 a5 33. Kd2 Ke7
34. Kd3 Kf6 35. Kc4 g5 36. Kb5 g4 37. Kxb6 Kg5 38. fxg4 Nxg4 39. Kxa5 Kh4 40.
Rg1 g5 41. Kb5 Nf2 42. a5 Nh3 43. Rf1 1-0

[Event "30th NATO Chess Championship"]
[Site "Berlin"]
[Date "2019.09.19"]
[Round "5.6"]
[White "Casteleijn, Diederick"]
[Black "Pedersen, Finn"]
[Result "1-0"]
[WhiteElo "2079"]
[BlackElo "2305"]
[PlyCount "87"]
[EventDate "2019.09.16"]
[EventType "team-tourn"]
[EventRounds "7"]
[EventCountry "GER"]

1. Nf3 d5 2. c4 c6 3. e3 Nf6 4. Nc3 g6 5. d4 Bg7 6. Be2 O-O 7. O-O Bg4 8. Qb3
Qb6 9. h3 Bxf3 10. Bxf3 e6 11. Na4 Qxb3 12. axb3 Nbd7 13. cxd5 Nxd5 14. Bxd5
exd5 15. Bd2 f5 16. Bb4 Rfe8 17. Bd6 Re6 18. Bc7 Rc8 19. Bf4 Bf8 20. g4 fxg4
21. hxg4 Nf6 22. Nc3 a6 23. g5 Ne4 24. Nxe4 Rxe4 25. f3 Re6 26. Be5 c5 27. Rac1
Be7 28. f4 Rec6 29. Rfd1 c4 30. bxc4 Rxc4 31. Rxc4 Rxc4 32. e4 dxe4 33. Kf2
Rc2+ 34. Ke3 Rxb2 35. Kxe4 Rb6 36. d5 Bd6 37. Bxd6 Rxd6 38. Ke5 Rd8 39. Ke6 Kf8
40. d6 Re8+ 41. Kf6 b5 42. d7 Rd8 43. Ke6 b4 44. Rc1 1-0

[Event "30th NATO Chess Championship"]
[Site "Berlin"]
[Date "2019.09.19"]
[Round "5.9"]
[White "Valeinis, Janis"]
[Black "Kedzierski, Slawomir"]
[Result "0-1"]
[WhiteElo "2206"]
[BlackElo "2163"]
[PlyCount "84"]
[EventDate "2019.09.16"]
[EventType "team-tourn"]
[EventRounds "7"]
[EventCountry "GER"]

1. d4 Nf6 2. Nc3 d5 3. Bf4 Bf5 4. f3 e6 5. g4 Bg6 6. h4 h6 7. h5 Bh7 8. e3 Bd6
9. Bd3 Bxf4 10. exf4 Qd6 11. Nge2 c5 12. dxc5 Qxc5 13. g5 Bxd3 14. Qxd3 Nfd7
15. g6 O-O 16. gxf7+ Rxf7 17. O-O-O Nc6 18. Rhg1 Nf8 19. Rg4 Rd8 20. a3 a6 21.
Rdg1 Rdd7 22. Qd2 Kh8 23. b4 Qd6 24. Nd4 Ne7 25. Na4 Nf5 26. Nc5 Rc7 27. Re1
Nxd4 28. Qxd4 a5 29. Reg1 axb4 30. axb4 Qe7 31. Nd3 Nd7 32. Rg6 Kh7 33. f5 exf5
34. Qf4 Rc4 35. Qg3 Rc6 36. Nf4 Qxb4 37. Rxc6 bxc6 38. Qg6+ Kg8 39. Qxc6 Qxf4+
40. Kb1 Qb4+ 41. Kc1 Qf4+ 42. Kb1 Qe3 0-1

[Event "30th NATO Chess Championship"]
[Site "Berlin"]
[Date "2019.09.19"]
[Round "5.11"]
[White "Werksma, Arie"]
[Black "Bohn, Ulrich"]
[Result "0-1"]
[WhiteElo "2197"]
[BlackElo "2157"]
[PlyCount "90"]
[EventDate "2019.09.16"]
[EventType "team-tourn"]
[EventRounds "7"]
[EventCountry "GER"]

1. Nf3 Nf6 2. b3 d5 3. Bb2 Bf5 4. c4 e6 5. g3 Be7 6. Bg2 h6 7. O-O O-O 8. d3 c5
9. Nbd2 Nc6 10. cxd5 exd5 11. Rc1 d4 12. Ba3 Nd5 13. Bb2 Ncb4 14. Ra1 Bf6 15.
a3 Nxd3 16. exd3 Bxd3 17. Nc4 Bxf1 18. Qxf1 Re8 19. a4 Qd7 20. Rd1 Rad8 21. Bh3
Qc7 22. Bf5 Re7 23. Bd3 Nb4 24. Bc1 Qc6 25. Qg2 Nxd3 26. Rxd3 Rde8 27. Rd1 Re2
28. Bd2 Qe4 29. Nd6 Qc2 30. Qf1 R8e7 31. Kg2 Qxb3 32. Bf4 Qd5 33. Nb5 Qc6 34.
Nxa7 Qxa4 35. Nc8 R7e6 36. h4 Qc6 37. Na7 Qe4 38. h5 Ra6 39. Nb5 Raa2 40. Nd6
Qc2 41. Bd2 Qd3 42. Nxb7 Ra3 43. Bc3 Rxf2+ 44. Kxf2 Qxc3 45. Kg2 Qb2+ 0-1

[Event "30th NATO Chess Championship"]
[Site "Berlin"]
[Date "2019.09.19"]
[Round "5.12"]
[White "Watters, Chase Miles"]
[Black "Kende, Gyorgy"]
[Result "1-0"]
[WhiteElo "2179"]
[BlackElo "2036"]
[PlyCount "47"]
[EventDate "2019.09.16"]
[EventType "team-tourn"]
[EventRounds "7"]
[EventCountry "GER"]

1. d4 Nf6 2. c4 c5 3. d5 e6 4. Nc3 exd5 5. cxd5 d6 6. e4 g6 7. Bb5+ Bd7 8. a4
a6 9. Be2 Bg7 10. Bf4 Qe7 11. Nf3 O-O 12. Nd2 Nh5 13. Bxh5 gxh5 14. Qxh5 f5 15.
Bg5 Bf6 16. Bh6 Bg7 17. Qg5 Qxg5 18. Bxg5 fxe4 19. Ndxe4 Be5 20. O-O Bf5 21.
Be7 Nd7 22. Bxd6 Bxd6 23. Nxd6 Bd3 24. Rfe1 1-0

[Event "30th NATO Chess Championship"]
[Site "Berlin"]
[Date "2019.09.19"]
[Round "5.20"]
[White "Michalski, Daniel"]
[Black "Tocco, Paolo"]
[Result "0-1"]
[WhiteElo "2024"]
[BlackElo "2089"]
[PlyCount "62"]
[EventDate "2019.09.16"]
[EventType "team-tourn"]
[EventRounds "7"]
[EventCountry "GER"]

1. d4 e6 2. Nf3 b6 3. e4 Bb7 4. Bd3 c5 5. c3 Nf6 6. Qe2 Be7 7. O-O Nc6 8. Nbd2
cxd4 9. Nxd4 O-O 10. Re1 d6 11. Nf1 Rc8 12. Bd2 Ne5 13. Bc2 Nc4 14. Bc1 Qc7 15.
b3 Ne5 16. Bb2 Ng6 17. c4 Rfe8 18. Rad1 a6 19. Bb1 d5 20. cxd5 exd5 21. Rc1 Qd7
22. e5 Bb4 23. Bf5 Rxc1 24. Rxc1 Qe7 25. exf6 Qxe2 26. Nxe2 Rxe2 27. Bd4 gxf6
28. Rc7 Re7 29. Bxb6 Nf4 30. Rxe7 Bxe7 31. Bd3 Nxd3 0-1

[Event "30th NATO Chess Championship"]
[Site "Berlin"]
[Date "2019.09.19"]
[Round "5.21"]
[White "Mestek, Igor"]
[Black "Wagenaar, Harm Theo"]
[Result "1/2-1/2"]
[WhiteElo "2087"]
[BlackElo "1879"]
[PlyCount "50"]
[EventDate "2019.09.16"]
[EventType "team-tourn"]
[EventRounds "7"]
[EventCountry "GER"]

1. e4 d5 2. exd5 Qxd5 3. Nc3 Qd8 4. Nf3 Nf6 5. Bc4 a6 6. a4 Nc6 7. h3 Bf5 8. d3
e6 9. Bf4 Bd6 10. Qd2 Bxf4 11. Qxf4 Qd6 12. Qe3 h6 13. O-O O-O 14. Ne4 Bxe4 15.
dxe4 Ne5 16. Nxe5 Qxe5 17. Bd3 Rfd8 18. b3 Qd4 19. Qe2 Nd7 20. Rad1 Qc3 21. f4
Nc5 22. f5 Nxd3 23. Rxd3 Rxd3 24. Qxd3 Qxd3 25. cxd3 exf5 1/2-1/2

[Event "30th NATO Chess Championship"]
[Site "Berlin"]
[Date "2019.09.19"]
[Round "5.25"]
[White "Tammisto, Janek"]
[Black "Marquardt, Christian"]
[Result "1/2-1/2"]
[WhiteElo "1912"]
[BlackElo "2049"]
[PlyCount "35"]
[EventDate "2019.09.16"]
[EventType "team-tourn"]
[EventRounds "7"]
[EventCountry "GER"]

1. d4 Nf6 2. Nf3 e6 3. Bg5 Be7 4. e3 b6 5. Bd3 c5 6. c3 O-O 7. Bxf6 Bxf6 8. Be4
d5 9. Bc2 Ba6 10. Ne5 Bxe5 11. dxe5 Qg5 12. Qf3 Nd7 13. Qh3 Qh6 14. Qxh6 gxh6
15. f4 f6 16. exf6 Rxf6 17. Nd2 e5 18. g3 1/2-1/2

[Event "30th NATO Chess Championship"]
[Site "Berlin"]
[Date "2019.09.19"]
[Round "5.28"]
[White "Fielding, Michael"]
[Black "Schott, Guido"]
[Result "1/2-1/2"]
[WhiteElo "1760"]
[BlackElo "2043"]
[PlyCount "42"]
[EventDate "2019.09.16"]
[EventType "team-tourn"]
[EventRounds "7"]
[EventCountry "GER"]

1. e4 d6 2. d4 Nf6 3. Nc3 c6 4. Be2 Qa5 5. Bd2 Qc7 6. f4 e5 7. fxe5 dxe5 8.
dxe5 Qxe5 9. Nf3 Qc7 10. Bg5 Nbd7 11. Qd2 Bb4 12. O-O-O O-O 13. Bd3 Qa5 14.
Rhe1 Ng4 15. a3 Bxc3 16. Qxc3 Qxc3 17. bxc3 Nf2 18. Rd2 Nxd3+ 19. cxd3 Nc5 20.
Kc2 Re8 21. Be3 Nd7 1/2-1/2

[Event "30th NATO Chess Championship"]
[Site "Berlin"]
[Date "2019.09.19"]
[Round "5.29"]
[White "Parker, Glen"]
[Black "Christen, Pierre"]
[Result "1-0"]
[WhiteElo "2014"]
[BlackElo "1837"]
[PlyCount "55"]
[EventDate "2019.09.16"]
[EventType "team-tourn"]
[EventRounds "7"]
[EventCountry "GER"]

1. e4 c6 2. d4 d5 3. e5 Bf5 4. g4 Be4 5. Nf3 e6 6. Bd3 c5 7. dxc5 Nc6 8. Be3
Qa5+ 9. c3 Bxf3 10. Qxf3 Nxe5 11. Qe2 Nxd3+ 12. Qxd3 Nf6 13. b4 Qc7 14. g5 Nd7
15. Nd2 Rc8 16. Nb3 b6 17. cxb6 axb6 18. Rc1 Ne5 19. Qb5+ Nd7 20. a4 Bd6 21. c4
Qb7 22. c5 O-O 23. c6 Rxc6 24. Rxc6 Bxb4+ 25. Ke2 d4 26. Nxd4 Bc5 27. Rc1 Ne5
28. R6xc5 1-0